Apocalipsis (Record no. 198464)
[ view plain ]
| 000 -LEADER | |
|---|---|
| campo de control de longitud fija | 01408cam a22003734 4500 |
| 001 - NÚMERO DE CONTROL | |
| campo de control | 198464 |
| 003 - IDENTIFICADOR DE NÚMERO DE CONTROL | |
| campo de control | SpMaBN |
| 005 - FECHA Y HORA DE LA ÚLTIMA TRANSACCIÓN | |
| campo de control | 20260617221606.0 |
| 008 - DATOS DE LONGITUD FIJA--INFORMACIÓN GENERAL | |
| campo de control de longitud fija | 260617s2002 sp | ||| ||spa |
| 016 7# - NÚMERO DE CONTROL DE UNA AGENCIA BIBLIOGRÁFICA NACIONAL | |
| Número de control del registro | bimoBNE20020805474 |
| Fuente | SpMaBN |
| 017 ## - NÚMERO DE COPYRIGHT O DE DEPÓSITO LEGAL | |
| Número de copyright o de depósito legal | B 25538-2002 |
| Agencia que asigna | Oficina Depósito Legal Barcelona |
| 020 ## - NÚMERO INTERNACIONAL ESTÁNDAR DEL LIBRO | |
| Número Internacional Estándar del Libro | 8422695383 |
| 035 ## - NÚMERO DE CONTROL DEL SISTEMA | |
| Número de control de sistema | (OCoLC)433407636 |
| 035 ## - NÚMERO DE CONTROL DEL SISTEMA | |
| Número de control de sistema | (SpMaBN)bimo0001822213 |
| 040 ## - FUENTE DE CATALOGACIÓN | |
| Centro catalogador/agencia de origen | SpMaBN |
| Lengua de catalogación | spa |
| Centro/agencia transcriptor | SpMaBN |
| Normas de descripción | rdc |
| 080 ## - NÚMERO DE LA CLASIFICACIÓN DECIMAL UNIVERSAL | |
| Número de la Clasificación Decimal Universal | 821.134.2-31"19" |
| 100 1# - ENTRADA PRINCIPAL--NOMBRE DE PERSONA | |
| Nombre de persona | Saint-Aymour, Joaquín de |
| Fechas asociadas al nombre | 1968- |
| 9 (RLIN) | 243227 |
| 245 10 - MENCIÓN DEL TÍTULO | |
| Título | Apocalipsis |
| Mención de responsabilidad, etc. | Joaquín de Saint-Aymour |
| 260 ## - PUBLICACIÓN, DISTRIBUCIÓN, ETC. | |
| Lugar de publicación, distribución, etc. | Barcelona |
| Nombre del editor, distribuidor, etc. | Círculo de Lectores |
| Fecha de publicación, distribución, etc. | [2002] |
| 300 ## - DESCRIPCIÓN FÍSICA | |
| Extensión | 477 p. |
| Dimensiones | 22 cm |
| 336 ## - TIPO DE CONTENIDO | |
| Fuente | rdacontent |
| Término de tipo de contenido | texto |
| 337 ## - TIPO DE MEDIO | |
| Fuente | rdamedia |
| Nombre/término del tipo de medio | sin mediación |
| 338 ## - TIPO DE SOPORTE | |
| Fuente | rdacarrier |
| Nombre/término del tipo de soporte | volumen |
| 500 ## - NOTA GENERAL | |
| Nota general | Registro provisional-DJ-33. Depósito J |
| 852 ## - LOCALIZACIÓN | |
| Ubicación | ES-MaACL |
| Ubicación en estantería | Depósito J |
| Número de control de estantería | DJ-33 |
| Donativo/Legado | Donación: José Lázaro García |
| Encuadernación | Encuadernación cartoné |
| Nota libre | En proceso |
| 942 ## - ELEMENTOS DE ENTRADA SECUNDARIOS (KOHA) | |
| Fuente del sistema de clasificación o colocación | Clasificación decimal universal |
| Tipo de ítem Koha | Libro impreso |
| Suprimir en OPAC | No |
| 956 ## - LOCALIZACIÓN Y ACCESO ELECTRÓNICOS LOCAL (OCLC) | |
| Nombre del host | 2 |
| 980 ## - EQUIVALENCIA O REFERENCIA-CRUZADA-MENCIÓN DE SERIE--NOMBRE DE PERSONA/TÍTULO [LOCAL, CANADÁ] | |
| Nombre de persona | B 25538-2002 |
| -- | 84-226-9538-3 |
| -- | SpMaBN |
| Numeración | BNALCALA |
| Calificador de atribución | 12/150592 |
| Títulos y otros términos asociados al nombre | SG_PETANTI |
| 980 ## - EQUIVALENCIA O REFERENCIA-CRUZADA-MENCIÓN DE SERIE--NOMBRE DE PERSONA/TÍTULO [LOCAL, CANADÁ] | |
| Nombre de persona | B 25538-2002 |
| -- | 84-226-9538-3 |
| -- | SpMaBN |
| Numeración | BNALCALA |
| Calificador de atribución | AHM/690133 |
| Títulos y otros términos asociados al nombre | SG_PETANTI |
| 980 ## - EQUIVALENCIA O REFERENCIA-CRUZADA-MENCIÓN DE SERIE--NOMBRE DE PERSONA/TÍTULO [LOCAL, CANADÁ] | |
| Nombre de persona | B 25538-2002 |
| -- | 84-226-9538-3 |
| -- | SpMaBN |
| Numeración | BNALCALA |
| Calificador de atribución | DL/1170607 |
| Títulos y otros términos asociados al nombre | CONSERVACI |
No items available.
